|
|
|
|
| LEADER |
01214nam a2200301 u 4500 |
| 001 |
10119359 |
| 003 |
upatras |
| 005 |
20210117205752.0 |
| 008 |
160308s2005 uk eng |
| 020 |
|
|
|a 9780199230433
|
| 040 |
|
|
|a ΠΑΝΕΠΙΣΤΗΜΙΟ ΠΑΤΡΑΣ
|c ΠΑΝΕΠΙΣΤΗΜΙΟ ΠΑΤΡΑΣ
|
| 041 |
0 |
|
|a eng
|
| 082 |
0 |
4 |
|a 121
|
| 100 |
1 |
|
|a Stanley, Jason
|4 aut
|9 149321
|
| 245 |
1 |
0 |
|a Knowledge and practical interests
|c Jason Stanley
|
| 260 |
|
|
|a Oxford
|b Clarendon Press
|c 2005
|
| 300 |
|
|
|a xii, 191 σ.
|c 20 εκ.
|
| 490 |
0 |
|
|a Lines of thought
|
| 504 |
|
|
|a Περιλαμβάνει βιβλιογραφία και ευρετήριο
|
| 650 |
|
4 |
|a Αντικειμενικότητα
|9 91814
|
| 650 |
|
4 |
|a Σημασιολογία (Φιλοσοφία)
|9 45261
|
| 650 |
|
4 |
|9 3620
|a Γνώση, Θεωρία της
|
| 760 |
0 |
|
|a Lines of thought
|
| 852 |
|
|
|a GR-PaULI
|b ΠΑΤΡΑ
|b ΦΙΛΟΣΟΦΙΑ
|k ΑΣΧΞ-4
|h 121 STA
|m 11092
|p 025000186479
|t 1
|
| 942 |
|
|
|2 ddc
|c BK15
|
| 952 |
|
|
|0 0
|1 0
|4 0
|6 121_000000000000000_STA
|7 0
|9 190012
|a PHIL
|b PHIL
|d 2016-04-24
|i 11092
|l 0
|o 121 STA
|p 025000186479
|r 2016-04-24 00:00:00
|t 1
|w 2016-04-24
|y BK15
|
| 998 |
|
|
|c ΚΑΝΕΛΛΟΠΟΥΛΟΥ
|d 2016-02
|
| 999 |
|
|
|c 117025
|d 117025
|